Statistics for Actor in Both Movies #2

Click here to take the quiz!

General Stats

  • This quiz has been taken 60 times
  • The average score is 13 of 15

Answer Stats

Hint Answer % Correct
Driving Miss Daisy(1989) / Seven(1995)Morgan Freeman
100%
Saturday Night Fever(1977) / Pulp Fiction(1994)John Travolta
100%
Seven(1995) / Fight Club(1999)Brad Pitt
98%
The Godfather(1972) / Scent of a Woman(1992)Al Pacino
96%
Pulp Fiction(1994) / Kill Bill(2003-2004)Uma Thurman
96%
Caddyshack(1980) / Ghostbusters(1984)Bill Murray
90%
Gentlemen Prefer Blondes(1953) / Some Like It Hot(1959)Marilyn Monroe
88%
A Streetcar Named Desire(1951) / The Godfather(1972)Marlon Brando
88%
The Deer Hunter(1978) / Raging Bull(1980)Robert DeNiro
88%
The Godfather(1972) / Annie Hall(1977)Diane Keaton
78%
Annie Hall(1977) / Manhattan(1979)Woody Allen
78%
Lust For Life(1956) / Spartacus(1960)Kirk Douglas
73%
Gone With the Wind(1939) / A Streetcar Named Desire(1951)Vivien Leigh
69%
Some Like It Hot(1959) / Spartacus(1960)Tony Curtis
59%
Ghostbusters(1984) / Driving Miss Daisy(1989)Dan Aykroyd
59%

Score Distribution

Percentile by Number Answered

Percent of People with Each Score

Your Score History

You have not taken this quiz